| 000 | 00000nam##2200000za#4500 |
| 001 | 9.569648 |
| 003 | CaOODSP |
| 005 | 20210624181852 |
| 007 | cr ||||||||||| |
| 008 | 150406|1991||||xxc|||||o f|0| 0 eng|d |
| 040 | |aCaOODSP|beng |
| 043 | |an-cn--- |
| 086 | 1 |aNH18-1/140-1991E-PDF |
| 110 | 2 |aCanada Mortgage and Housing Corporation. |
| 245 | 12|aA guide to developing resident funded housing co-operatives for seniors / |h[electronic resource]|cby Mark Bostwick. |
| 260 | |aOttawa - Ontario : |bCanada Mortgage and Housing Corporation |c[1991]. |
| 300 | |a89p. |
| 490 | 1 |aResearch report |
| 590 | |a12-29-Supp|b2012-06-25 |
| 720 | 1 |aBostwick, Mark |
| 775 | 08|tGuide pour la mise sur pied de coopératives pour personnes âgées financées par les membres résidents / |w(CaOODSP)9.600684 |
| 830 | #0|aResearch report (Canada Mortgage and Housing Corporation : Online)|w(CaOODSP)9.506068 |
| 856 | 40|ahttp://publications.gc.ca|qPDF|s643 KB|uhttps://publications.gc.ca/collections/collection_2011/schl-cmhc/nh18-1/NH18-1-140-1991-eng.pdf |